Uso del efectivo en Colombia / (Registro nro. 15411)

Detalles MARC
000 -LEADER
fixed length control field 01252nam a22002417a 4500
003 - CONTROL NUMBER IDENTIFIER
control field OSt
005 - DATE AND TIME OF LATEST TRANSACTION
control field 20210317123549.0
008 - FIXED-LENGTH DATA ELEMENTS--GENERAL INFORMATION
fixed length control field 210317s2017 ck ad||gr|||| 00| 0 spa d
040 ## - CATALOGING SOURCE
Original cataloging agency CO-JMCR
Transcribing agency CO-JMCR
041 0# - LANGUAGE CODE
Language code of text/sound track or separate title spa
082 04 - DEWEY DECIMAL CLASSIFICATION NUMBER
Classification number 332.4 /
Item number R314u
Edition number 23
110 2# - MAIN ENTRY--CORPORATE NAME
Corporate name or jurisdiction name as entry element Redeban Multicolor
9 (RLIN) 36226
245 10 - TITLE STATEMENT
Title Uso del efectivo en Colombia /
Statement of responsibility, etc. Redeban Multicolor
250 ## - EDITION STATEMENT
Edition statement Primera edición
260 ## - PUBLICATION, DISTRIBUTION, ETC.
Place of publication, distribution, etc. Bogotá :
Name of publisher, distributor, etc. Redeban Multicolor,
Date of publication, distribution, etc. 2017
300 ## - PHYSICAL DESCRIPTION
Extent 159 páginas :
Other physical details ilustraciones y gráficas a color ;
Dimensions 28 cm.
500 ## - GENERAL NOTE
General note "¿Todavía pensando en efectivo?"--Tapa
504 ## - BIBLIOGRAPHY, ETC. NOTE
Bibliography, etc. note Bibliografía: página 159
505 0# - FORMATTED CONTENTS NOTE
Formatted contents note Barreras al uso de los Medios Electrónicos de Pago en Colombia: estudio de la población general y microestablecimientos -- Un enfoque de dos lados en la profundización de los pagos electrónicos en Colombia -- Principales retos y hallazgos -- Resultados de la encuesta realizada a microestablecimientos d comercio y servicios -- Resultados de la encuesta aplicada a la población general -- Casos de éxito y mejores prácticas
650 14 - SUBJECT ADDED ENTRY--TOPICAL TERM
Topical term or geographic name entry element Dinero en efectivo
Form subdivision Investigaciones
General subdivision Usos
Geographic subdivision Colombia
9 (RLIN) 36227
650 24 - SUBJECT ADDED ENTRY--TOPICAL TERM
Topical term or geographic name entry element Pagos electrónicos
Form subdivision Barreras de uso
General subdivision Investigaciones
Geographic subdivision Colombia
9 (RLIN) 36228
942 ## - ADDED ENTRY ELEMENTS (KOHA)
Source of classification or shelving scheme Dewey Decimal Classification
Koha item type Books
Existencias
Withdrawn status Lost status Source of classification or shelving scheme Damaged status Not for loan Collection code Home library Current library Date acquired Source of acquisition Total Checkouts Full call number Barcode Date last seen Copy number Price effective from Koha item type
    Dewey Decimal Classification     Non-fiction Biblioteca Pública José María del Castillo y Rada Biblioteca Pública José María del Castillo y Rada 10/02/2020 Donación   332.4 / R314u 201808724 05/16/2024 Ej.1 03/17/2021 Books
    Dewey Decimal Classification     Non-fiction Biblioteca Pública José María del Castillo y Rada Biblioteca Pública José María del Castillo y Rada 10/02/2020 Donación   332.4 / R314u 201808380 05/16/2024 Ej.2 03/25/2021 Books